[Event "JBLN Ost 0001"]
[Site "Germany"]
[Date "2000.10.08"]
[Round "?"]
[White "Kasper, Thomas"]
[Black "Gerstner, Max"]
[Result "1-0"]
[WhiteElo "1696"]
[BlackElo "370"]
[PlyCount "55"]
[EventDate "2000.??.??"]
[EventType "team-tourn"]
[EventRounds "9"]
[EventCountry "GER"]
[SourceTitle "EXT 2003"]
[Source "ChessBase"]
[SourceDate "2002.11.25"]
[SourceVersion "1"]
[SourceVersionDate "2002.11.25"]
[SourceQuality "1"]

1. Nf3 d5 2. c4 e6 3. g3 Bc5 4. Bg2 Nf6 5. 0-0 0-0 6. d4 Be7 7. Qc2 Nc6 8. a3 h6 9. b4 b6 10. cxd5 Nb8 11. dxe6 Bxe6 12. Ne5 Qxd4 13. Bb2 Qd8 14. Bxa8 Bd5 15. Bxd5 Nxd5 16. Rd1 f6 17. Ng6 Re8 18. Nc3 c6 19. e4 Kf7 20. Nxe7 Rxe7 21. exd5 Qd7 22. dxc6 Qh3 23. Nd5 Re6 24. Nf4 Qg4 25. Nxe6 Qxe6 26. c7 Qe8 27. c8Q Qxc8 28. Qxc8 1-0